000 00470nam a22001697a 4500
999 _c197089
_d197089
005 20230814141233.0
010 _aB-755566
020 _a9789388496469
_c210.00
035 _aB-755566
037 _bVishu Books
082 _a954
245 _aMy Encyclopaedia Library History/
260 _aNew Delhi
_bVishu Books
270 _aB-1/E-7 Mohan Estate, Badarpur,
_bNew Delhi
_e110044
300 _a40p.
_bill.
_c29cm(hb)
942 _2ddc
_cCH
_h954
_mMYE